000 00542nam a2200169 i 4500
001 27061
003 ES-MaACL
005 20230906153543.0
007 t|
008 030113s1902 sp ||||1| spa d
100 1 _aAvilés y Merino, Benito.
_924080
245 1 0 _aMonografía de la localidad balnearia de Hervideros de Fuensanta /
_cBenito Avilés.
260 _aMadrid :
_b[s.n.],
_c1902 (
_fImp. de Ricardo Rojas)
300 _a350 p. ;
_c25 cm.
650 4 _aAguas minerales-
_zHervideros de Fuensanta.
_9165599
852 _aES-MaACL
_jG-8870
999 _c27061
_d27061